000 00994nam a2200337 a 4500
001 000108363
003 CHAP
005 20220329144009.0
008 140131s2013 it |r| ||||||eng d
010 _a104825
011 _a105797
020 _a9789251077528
040 _cCHAP
082 0 4 _a641.12
_bF21y
245 1 0 _aFood wastage footprint :
_bimpact on natural resources; summary report /
_cpor FAO.
260 _aRoma :
_bFAO,
_c2013.
300 _a61 p. :
_btabs.
590 _aE5995AHE
_b05
_c20140131
_lUCH01
_h1328
590 _aE5995AHE
_b05
_c20140131
_lUCH01
_h1449
590 _aE5995AHE
_b05
_c20140203
_lUCH01
_h1100
590 _aE5995AHE
_b05
_c20140203
_lUCH01
_h1257
650 1 4 _aAlimentos
_xAlmacenamiento.
_94162
650 1 4 _aAlimentos
_xConsumo.
_94181
650 1 4 _aCadena alimentaria.
_917041
650 1 4 _aDesechos alimentarios.
_9125331
650 1 4 _aImpacto ambiental.
_957465
650 1 4 _aNutrición.
_982246
901 _aBK
942 _cLIBRO
942 _n0
999 _c104825
_d104825